Statistics for Movies By 1 Actor and 1 Actress - Michelle Pfeiffer Edition

Click here to take the quiz!

General Stats

  • This quiz has been taken 12 times
  • The average score is 17 of 26

Answer Stats

CastMovie% Correct
Paul Rudd, Evangeline LillyAnt-Man & The Wasp
83%
Michael Keaton, Diane SalingerBatman Returns
83%
Jennifer Lawrence, Javier BardemMother!
83%
Al Pacino, Mary Elizabetz MastrantonioScarface
83%
Jack Nicholson, CherThe Witches of Eastwick
83%
John Malkovich, Glenn CloseDangerous Liaisons
75%
Johnny Depp, Helena Bonham CarterDark Shadows
75%
John Travolta, Queen LatifahHairspray
75%
Robert De Niro, Dianna AgronThe Family
75%
Al Pacino, Kate NelliganFrankie and Johnny
67%
Sean Penn, Dakota FanningI Am Sam
67%
George Clooney, Ellen GreeneOne Fine Day
67%
Sienna Miller, Ricky GervaisStardust
67%
Mel Gibson, Ann MagnusonTequila Sunrise
67%
Daniel Day Lewis, Winona RyderThe Age of Innocence
67%
Jack Nicholson, Kate NelliganWolf
67%
George Dzundza, Robin BartlettDangerous Minds
58%
Maxwell Caulfield, Eve ArdenGrease 2
58%
Matthew Modine, Joan CusackMarried to the Mob
58%
Kenneth Brannagh, Penelope CruzMurder on the Orient Express
58%
Val Kilmer, Sandra BullockThe Prince of Egypt
58%
Angelina Jolie, Chiwetel EjioforMaleficent: Mistress of Evil
50%
Sean Connery, Kate LockThe Russia House
50%
Chris Pine, Elizabeth BanksPeople Like Us
42%
Robert De Niro, Kristen ConnollyThe Wizard of Lies
42%
Robin Wright, Patrick FugitWhite Oleandor
8%

Score Distribution

Percentile by Number Answered

Percent of People with Each Score

Your Score History

You have not taken this quiz